000 00497nam a22001697a 4500
005 20251108165036.0
008 250721s9999 xx 000 0 ara d
082 1 4 _a364/حمد
100 1 _aالسعداوي، حمدي
245 1 0 _aأشهر الجرائم العالمية /
264 1 _aالقاهرة :
_bالمركز العربي للنشر والتوزيع،
_c[19-].
300 _a71ص
650 1 7 _aالجريمة
650 1 7 _aالمجرمون
942 _2ddc
_cBK
999 _c20679
_d20679